Metódy oceňovania hodnoty podnikov na Slovensku na získanie titulu "doktor" ("philosophiae doctor", v skratke "PhD.") v odbore doktorandského štúdia : 3.3.16 ekonomika a manažment podniku

Bibliographic Details
Main Author: Tomečko, Jaroslav (Author)
Format: Book
Language:Slovak
PhysicalDescription:29 s. grafy, tab. 21 cm
Published: Banská Bystrica [s. n.] 2011
Edition:[1. vyd.]
Subjects:

MARC

LEADER 00000cam a2200000 a 4500
001 vtls010313290
003 SK-MaSNL
005 20260425230013.0
008 240318s2011 xo dl e 000 0 slo
015 |a SNBA2012/01-00077 
020 |q (brož.) 
035 |a 054377EE-E6E4-4091-97EA-5F1C3AC2DFA5 
035 |a urn:nbn:sk:snk-amkbbv 
035 |a urn:nbn:sk:snk-am008j7c 
040 |a SNK  |b slo  |c SNK  |e AACR2 
041 0 |a slo  |b eng 
043 |a e-xo--- 
044 |a xo  |c SK 
072 7 |a 657  |x Účtovníctvo  |2 konspekt 
080 |a 334.72  |2 2001 
080 |a 658.114  |2 2001 
080 |a 657.92  |2 2001 
080 |a (048.3)  |2 2001 
080 |a (437.6)  |2 2001 
100 1 |a Tomečko, Jaroslav  |4 aut  |9 413546 
245 1 0 |a Metódy oceňovania hodnoty podnikov na Slovensku  |b na získanie titulu "doktor" ("philosophiae doctor", v skratke "PhD.") v odbore doktorandského štúdia : 3.3.16 ekonomika a manažment podniku  |c Jaroslav Tomečko 
250 |a [1. vyd.] 
260 |a Banská Bystrica  |b [s. n.]  |c 2011 
300 |a 29 s.  |b grafy, tab.  |c 21 cm 
500 |a Názov z obalu 
504 |a Bibliogr. s. 22-27 
546 |a Res. angl. 
650 0 7 |a podniky  |2 SNKPH  |9 923 
650 0 7 |a podnikateľské prostredie  |2 SNKPH  |9 1771 
650 0 7 |a ohodnocovanie podnikov  |2 SNKPH  |9 67122 
650 0 7 |a Business enterprises  |2 SNKPHeng  |9 265529 
650 0 7 |a Business environment  |2 SNKPHeng  |9 270182 
650 0 7 |a Valuation of business enterprises  |2 SNKPHeng  |9 334656 
651 7 |a Slovensko  |2 SNKPH  |9 14231 
651 7 |a Slovakia  |2 SNKPHeng  |9 92630 
655 7 |a autoreferáty  |2 SNKPH  |9 70546 
655 7 |a Autoabstracts  |2 SNKPHeng  |9 238326 
852 |a Štátna vedecká knižnica v Banskej Bystrici 
958 |a NB 
958 |a OND 
968 |d 65 
999 |c 664055  |d 665985 
952 |a SNK  |b SNK  |y PREZ  |7 0  |p 17A0773625  |o snkSC 147248  |i snk2011/23014  |8 0  |0 0  |1 0  |4 0  |d 2011-11-18  |f 1  |l 0  |r 2025-07-16 00:00:00  |w 2026-02-23